LEADER 01177nam a2200277 4500 001 000000361528 003 CaOOAMICUS 005 20250203125001.0 008 250203s2021 it 000 u ita r 020 $a978-88-17-08273-0 040 $aSeMil$bita 100 1 $aNovara, Daniele <1957- >.$0(OLS)http://semarc/name/92041 245 10$aMeglio dirsele :$bimparare a litigare bene per una vita di coppia felice /$cDaniele Novara. 250 $a4. ed. 264 1$aMilano :$bBUR,$c2021. 300 $a252 p. ;$c22 cm 490 1 $aBUR Rizzoli. Varia 650 4$aRelazioni di coppia - Risoluzione dei conflitti.$0(OLS)http://semarc/subject/57066 830 0$aBur Rizzoli. Varia.$0(OLS)http://semarc/title/451549 850 $aSeMil 852 $aSeMil$W1$xVenegono$y1$m2E IV 346$j254245$B252490$CSeMilBibl$Z2$F252490 $81 961 $aBrambilla don Paolo - Omaggio 996 $6020$a978-88-17-08273-0$9(OLS)http://semarc/number/302367 996 $6245$aMeglio dirsele :$bimparare a litigare bene per una vita di coppia felice$9(OLS)http://semarc/title/452274 996 $6264$aMilano :$bBUR$9(OLS)http://semarc/publisher/31429 LEADER 01001nam a2200229 i 4500 001 000000232909 003 CaOOAMICUS 005 20140909000000.0 008 140909s1902 it u000 u ita u 013 $a211812 040 $aSeMil$bita 100 1 $aTuriello, Pasquale.$0(OLS)http://semarc/name/79941 245 13$aIl secolo 19. :$bstudio politico sociale /$cPasquale Turiello. 260 $aPalermo ; Milano ; Napoli :$bRemo Sandron,$c1902. 300 $a187 p. ;$c20 cm. 490 0 $aBiblioteca di scienze sociali e politiche ;$v40 650 4$aItalia - Storia - Sec. 19.$0(OLS)http://semarc/subject/238 830 0$aBiblioteca di scienze sociali e politiche ;$v40.$0(OLS)http://semarc/title/41546 850 $aSeMil 852 $aSeMil$W1$xVenegono$y1$m3M I 50 ^$j183255$B183255$CSeMilBibl$Z2$F194157 $81 996 $6245$aIl secolo 19. :$bstudio politico sociale$9(OLS)http://semarc/title/332335 996 $6260$aPalermo ; Milano ; Napoli :$bRemo Sandron$9(OLS)http://semarc/publisher/38576